Reese Witherspoon Movies - Statistics

General Stats
  • This quiz has been taken 910 times
    872 since last reset
  • The average score is 8 of 30
Answer Stats
Year Movie % Correct
2001 Legally Blonde
91%
2003 Legally Blonde 2: Red, White and Blonde
83%
2002 Sweet Home Alabama
75%
2005 Walk the Line
65%
1999 Cruel Intentions
64%
1999 Election
39%
2012 This Means War
34%
2005 Just Like Heaven
30%
2008 Four Holidays
29%
1991 The Man in the Moon
29%
2011 Water For Elephants
28%
1996 Fear
25%
1998 Pleasantville
21%
2010 How Do You Know
19%
2004 Vanity Fair
18%
2009 Monsters vs Aliens
15%
1996 Freeway
13%
2007 Rendition
13%
2012 Mud
12%
2006 Penelope
12%
2000 American Psycho
11%
1998 Twilight
10%
2002 The Importance of Being Earnest
8%
1998 Overnight Delivery
7%
1993 A Far Off Place
6%
2000 Little Nicky
6%
1999 Best Laid Plans
5%
1993 Jack the Bear
5%
1994 S.F.W.
5%
2001 The Trumpet of the Swan
4%
No matching quizzes found
Score Distribution
Percent of People with Each Score
Percentile by Number Answered
Your Score History
You have not taken this quiz since the last reset